Truyện trinh thám chọn lọc : Nọc độc qua thư điện tử

Enregistré dans:
Détails bibliographiques
Auteur principal: Hitchcock, Alfred
Format: Livre
Langue:Undetermined
Publié: Hà Nội Thanh Niên 2004
Sujets:
Tags: Ajouter un tag
Pas de tags, Soyez le premier à ajouter un tag!
Thư viện lưu trữ: Trung tâm Học liệu Trường Đại học Cần Thơ
LEADER 00609nam a2200193Ia 4500
001 CTU_90861
008 210402s9999 xx 000 0 und d
082 |a 808.830872 
082 |b H674 
100 |a Hitchcock, Alfred 
245 0 |a Truyện trinh thám chọn lọc : 
245 0 |b Nọc độc qua thư điện tử 
245 0 |c Alfred Hitchcock; Khanh Khanh biên dịch 
260 |a Hà Nội 
260 |b Thanh Niên 
260 |c 2004 
650 |a Detective and mystery stories 
904 |i Tuyến (Nguyên sửa) 
980 |a Trung tâm Học liệu Trường Đại học Cần Thơ